ব্রেইন গেইম : (Record no. 12645)
[ view plain ]
| 000 -LEADER | |
|---|---|
| fixed length control field | 00885nam a2200253 a 4500 |
| 001 - CONTROL NUMBER | |
| JCCL Control Number | 12645 |
| 003 - CONTROL NUMBER IDENTIFIER | |
| JCCL marc code | BD-JhCC |
| 005 - DATE AND TIME OF LATEST TRANSACTION | |
| control field | 20221025112635.0 |
| 008 - FIXED-LENGTH DATA ELEMENTS--GENERAL INFORMATION | |
| fixed length control field | 221025s2022 bg |||| |||| 000 0 ben d |
| 020 ## - INTERNATIONAL STANDARD BOOK NUMBER | |
| International Standard Book Number | 9789849610380 |
| 035 ## - SYSTEM CONTROL NUMBER | |
| system control number | (BD-JhCC)12645 |
| 040 ## - CATALOGING SOURCE | |
| Original cataloging agency | BD-JhCC |
| Modifying agency | BD-JhCC |
| 041 ## - LANGUAGE CODE | |
| Language code of Book | Bangla |
| 082 ## - DEWEY DECIMAL CLASSIFICATION NUMBER | |
| Classification number | 153.42 |
| Author mark and Year | SIN 2022 |
| 100 ## - MAIN ENTRY--PERSONAL NAME | |
| Personal name | সিনহা, সাজিয়া জাহান |
| 245 ## - TITLE STATEMENT | |
| Title | ব্রেইন গেইম : |
| Remainder of title | দ্যা মিস্ট্রি স্টার্টস হেয়ার / |
| Statement of responsibility, etc | সাজিয়া জাহান সিনহা |
| 260 ## - PUBLICATION, DISTRIBUTION, ETC. (IMPRINT) | |
| Place of publication, distribution, etc | ঢাকা : |
| Name of publisher, distributor, etc | অন্বেষা প্রকাশন, |
| Date of publication, distribution, etc | ২০২২ |
| 300 ## - PHYSICAL DESCRIPTION | |
| Pagination | ২২৩ পৃ. : |
| Dimensions | ২১ সেমি. |
| 650 ## - SUBJECT ADDED ENTRY--TOPICAL TERM | |
| Topical term or geographic name as entry element | Mind and body |
| 650 ## - SUBJECT ADDED ENTRY--TOPICAL TERM | |
| Topical term or geographic name as entry element | Reasoning |
| 650 ## - SUBJECT ADDED ENTRY--TOPICAL TERM | |
| Topical term or geographic name as entry element | Thought and thinking |
| 650 ## - SUBJECT ADDED ENTRY--TOPICAL TERM | |
| Topical term or geographic name as entry element | Decision making |
| 942 ## - ADDED ENTRY ELEMENTS (KOHA) | |
| Source of classification or shelving scheme | Dewey Decimal Classification |
| Koha item type | Books |
| Source of classification or shelving scheme | Damaged status | Not for loan | Home library | Current library | Shelving location | Date of accession | Cost, normal purchase price | Total Checkouts | Full call number | Barcode | Checked out | Date last seen | Date checked out | Copy number | Koha item type |
|---|---|---|---|---|---|---|---|---|---|---|---|---|---|---|---|
| Dewey Decimal Classification | JCC Rouf Library | JCC Rouf Library | General Stacks | 10/25/2022 | 288.00 | 11 | 153.42 SIN 2022 | 17431 | 02/13/2025 | 01/20/2025 | 01/20/2025 | C-1 | Books |